[Event "Ruhrgebiet Verbandsliga Gruppe 2 1819"]
[Site "Nordrheinwestfalen"]
[Date "2018.10.07"]
[Round "2.5"]
[White "Rehfeldt, Jens"]
[Black "Canzler, Harald"]
[Result "1-0"]
[WhiteElo "1924"]
[BlackElo "1978"]
[PlyCount "73"]
[EventDate "2018.09.23"]
[EventType "team-tourn"]
[EventRounds "9"]
[EventCountry "GER"]
[SourceTitle "EXT 2022"]
[Source "ChessBase"]
[SourceDate "2021.10.06"]
[SourceVersion "1"]
[SourceVersionDate "2021.10.06"]
[SourceQuality "1"]
[WhiteTeam "Essen Werden"]
[BlackTeam "Dortmund SV"]
[WhiteTeamCountry "GER"]
[BlackTeamCountry "GER"]

1. e4 d6 2. Nc3 g6 3. Bc4 Bg7 4. d3 e6 5. f4 Ne7 6. Bb3 d5 7. Nf3 c5 8. 0-0 0-0 9. Qe1 b5 10. Nxb5 Qb6 11. c4 d4 12. Qh4 f6 13. Bd1 a6 14. Na3 Nbc6 15. Nc2 Bd7 16. Kh1 Rae8 17. Rb1 a5 18. Nce1 e5 19. Ba4 exf4 20. Qxf4 f5 21. Qh4 Ne5 22. Bxd7 Nxd7 23. Bg5 Bf6 24. e5 Bxg5 25. Nxg5 h5 26. Nef3 Nc6 27. e6 Nf6 28. Rfe1 Qc7 29. e7 Rxe7 30. Ne6 Qd6 31. Nxf8 Kxf8 32. Rxe7 Nxe7 33. h3 f4 34. Qg5 Nh7 35. Qe5 Qxe5 36. Nxe5 Kg7 37. Nd7 1-0

[Event "Ruhrgebiet Verbandsliga Gruppe 1 1718"]
[Site "Germany"]
[Date "2018.02.25"]
[Round "7.4"]
[White "Merz, Martin"]
[Black "Rehfeldt, Jens"]
[Result "0-1"]
[WhiteElo "1979"]
[BlackElo "1942"]
[PlyCount "66"]
[EventDate "2017.09.17"]
[EventType "team-tourn"]
[EventRounds "9"]
[EventCountry "GER"]
[SourceTitle "EXT 2022"]
[Source "ChessBase"]
[SourceDate "2021.10.06"]
[SourceVersion "1"]
[SourceVersionDate "2021.10.06"]
[SourceQuality "1"]
[WhiteTeam "Boenen SV"]
[BlackTeam "Essen Werden"]
[WhiteTeamCountry "GER"]
[BlackTeamCountry "GER"]

1. d4 d5 2. Nf3 c6 3. g3 Nf6 4. Bg2 Bf5 5. 0-0 Nbd7 6. c4 e6 7. Nc3 Be7 8. Re1 0-0 9. Bf4 h6 10. Ne5 Nxe5 11. dxe5 Nd7 12. e4 dxe4 13. Bxe4 Bxe4 14. Nxe4 g5 15. Qh5 Kh7 16. Rad1 gxf4 17. Kh1 Qe8 18. gxf4 Rg8 19. f5 Nxe5 20. fxe6 f6 21. Qe2 c5 22. f4 Ng6 23. Rd7 Rg7 24. Ng3 Bf8 25. Nh5 Qc8 26. Nxg7 Bxg7 27. Qg4 Qc6+ 28. Kg1 f5 29. Qxf5 Rf8 30. Rf7 Rxf7 31. Qxf7 Qf3 32. Rf1 Qe3+ 33. Kg2 Nh4+ 0-1

[Event "Ruhrgebiet Verbandsliga Gruppe 1 1718"]
[Site "Germany"]
[Date "2018.02.04"]
[Round "6"]
[White "Rehfeldt, Jens"]
[Black "Franck, Rudolf"]
[Result "1-0"]
[WhiteElo "1961"]
[BlackElo "1973"]
[PlyCount "35"]
[EventDate "2017.09.17"]
[EventType "team-tourn"]
[EventRounds "9"]
[EventCountry "GER"]
[SourceTitle "EXT 2022"]
[Source "ChessBase"]
[SourceDate "2021.10.06"]
[SourceVersion "1"]
[SourceVersionDate "2021.10.06"]
[SourceQuality "1"]
[WhiteTeam "Essen Werden"]
[BlackTeam "Bottrop SV"]
[WhiteTeamCountry "GER"]
[BlackTeamCountry "GER"]

1. d4 d5 2. Nc3 c6 3. Nf3 b5 4. Bf4 e6 5. a3 Nf6 6. e3 Nbd7 7. Bd3 Be7 8. h3 a6 9. Ne2 c5 10. c3 Bb7 11. 0-0 0-0 12. Rc1 Rc8 13. Bb1 c4 14. Ne5 a5 15. Bg5 Nb6 16. Qc2 b4 17. Bxf6 Bxf6 18. Qxh7# 1-0

[Event "Ruhrgebiet Verbandsliga Gruppe 1 1718"]
[Site "Germany"]
[Date "2017.12.03"]
[Round "4.5"]
[White "Bals, Jochen"]
[Black "Rehfeldt, Jens"]
[Result "1/2-1/2"]
[WhiteElo "1855"]
[BlackElo "1961"]
[PlyCount "120"]
[EventDate "2017.09.17"]
[EventType "team-tourn"]
[EventRounds "9"]
[EventCountry "GER"]
[SourceTitle "EXT 2022"]
[Source "ChessBase"]
[SourceDate "2021.10.06"]
[SourceVersion "1"]
[SourceVersionDate "2021.10.06"]
[SourceQuality "1"]
[WhiteTeam "Kamen SV II"]
[BlackTeam "Essen Werden"]
[WhiteTeamCountry "GER"]
[BlackTeamCountry "GER"]

1. e4 c5 2. Nf3 e6 3. d3 d5 4. Nbd2 Nc6 5. g3 Be7 6. Bg2 Bd7 7. c3 Nf6 8. 0-0 Qc7 9. a3 0-0 10. Re1 Rfe8 11. Qe2 d4 12. c4 e5 13. Nh4 g6 14. Rb1 Nh5 15. Nf5 Bf8 16. Nf1 Nd8 17. Nh6+ Kh8 18. h4 b5 19. b3 Rb8 20. Bd2 f6 21. Bf3 Bxh6 22. Bxh6 Nf7 23. Bd2 Ng7 24. Nh2 Rb7 25. cxb5 Rxb5 26. Rec1 Qb7 27. b4 cxb4 28. Rxb4 Rxb4 29. Bxb4 Bb5 30. Qd2 Qa6 31. Be2 f5 32. f3 Nd6 33. Kf2 fxe4 34. fxe4 Rf8+ 35. Nf3 Nh5 36. Bxd6 Qxd6 37. Qb4 Qxb4 38. axb4 Bd7 39. Kg2 Bg4 40. Nxd4 Bxe2 41. Nxe2 Rd8 42. Rc5 Rxd3 43. Rxe5 Rd2 44. Kf3 Rd3+ 45. Kg2 Rd2 46. Kf1 Rd1+ 47. Kf2 Nf6 48. Re7 Ng4+ 49. Kg2 Rd2 50. Kf3 h5 51. Rxa7 Rb2 52. Rb7 Ne5+ 53. Ke3 Ng4+ 54. Kd3 Nf2+ 55. Ke3 Ng4+ 56. Kf3 Nh2+ 57. Kf2 Ng4+ 58. Ke1 Rb1+ 59. Kd2 Rb2+ 60. Kd3 Nf2+ 1/2-1/2

[Event "Ruhrgebiet Verbandsliga Gruppe 1 1718"]
[Site "Germany"]
[Date "2017.09.17"]
[Round "1.6"]
[White "Mueller Clostermann, Bruno"]
[Black "Rehfeldt, Jens"]
[Result "1-0"]
[WhiteElo "2013"]
[BlackElo "1961"]
[PlyCount "121"]
[EventDate "2017.09.17"]
[EventType "team-tourn"]
[EventRounds "9"]
[EventCountry "GER"]
[SourceTitle "EXT 2022"]
[Source "ChessBase"]
[SourceDate "2021.10.06"]
[SourceVersion "1"]
[SourceVersionDate "2021.10.06"]
[SourceQuality "1"]
[WhiteTeam "Essen Katernberg III"]
[BlackTeam "Essen Werden"]
[WhiteTeamCountry "GER"]
[BlackTeamCountry "GER"]

1. d4 e6 2. c4 f5 3. g3 Nf6 4. Bg2 Bb4+ 5. Bd2 Bxd2+ 6. Nxd2 0-0 7. Qc2 d6 8. e4 fxe4 9. Nxe4 Nc6 10. Nf3 Nb4 11. Nxf6+ Qxf6 12. Qc3 Nc6 13. 0-0 Bd7 14. Rae1 Rae8 15. Qd2 Nd8 16. Qa5 Bc6 17. d5 b6 18. Qd2 Bd7 19. Ng5 e5 20. Ne4 Qg6 21. Re3 Nf7 22. b4 Nh6 23. Ra3 Ra8 24. c5 Bf5 25. Re1 Ng4 26. cxd6 cxd6 27. Rc3 Bxe4 28. Bxe4 Qh5 29. f3 Nf6 30. Qe2 h6 31. Rc6 Rad8 32. Kg2 Qg5 33. h4 Qh5 34. Qd3 Qf7 35. Rec1 Nxe4 36. Qxe4 Qf6 37. Rc7 Rf7 38. R1c6 Rdf8 39. Rxf7 Rxf7 40. Qg4 g6 41. h5 g5 42. Qe4 Kg7 43. a4 Rd7 44. g4 Re7 45. Rc8 Qf7 46. Rd8 Qf6 47. b5 Rc7 48. Re8 Qf7 49. Re6 Rc5 50. Rxd6 Kf8 51. Qxe5 Rc2+ 52. Kg3 Qf4+ 53. Qxf4+ gxf4+ 54. Kxf4 Rc4+ 55. Kf5 Rxa4 56. Rxh6 Kg7 57. Rg6+ Kh7 58. d6 Rd4 59. Ke5 Rd1 60. Ke6 a5 61. bxa6 1-0

[Event "Ruhrgebiet Verbandsliga Gruppe 2 1516"]
[Site "Germany"]
[Date "2016.02.21"]
[Round "7"]
[White "Mikulski, Georg"]
[Black "Rehfeldt, Jens"]
[Result "1-0"]
[WhiteElo "1920"]
[BlackElo "1967"]
[PlyCount "105"]
[EventDate "2015.09.06"]
[EventType "team-tourn"]
[EventRounds "9"]
[EventCountry "GER"]
[SourceTitle "EXT 2022"]
[Source "ChessBase"]
[SourceDate "2021.10.06"]
[SourceVersion "1"]
[SourceVersionDate "2021.10.06"]
[SourceQuality "1"]
[WhiteTeam "Wanne-Eickel SV Unser Fritz"]
[BlackTeam "Essen Werden"]
[WhiteTeamCountry "GER"]
[BlackTeamCountry "GER"]

1. e4 e6 2. d4 d5 3. Nc3 dxe4 4. Nxe4 Qd5 5. Nc3 Bb4 6. Nf3 Bd7 7. Bd3 Bb5 8. 0-0 Bxc3 9. bxc3 Nd7 10. Re1 Ngf6 11. Ba3 Bxd3 12. Qxd3 b5 13. Ne5 Rd8 14. Nxd7 Rxd7 15. Bc5 c6 16. a4 Rb7 17. axb5 cxb5 18. Reb1 Ne4 19. Rxb5 Nxc5 20. Rxc5 Qd7 21. c4 0-0 22. Rb5 Rc7 23. c3 Rfc8 24. Rb4 Qd6 25. Rba4 g6 26. Rxa7 Rxc4 27. Ra8 Qc6 28. Rxc8+ Qxc8 29. Ra3 Qc6 30. h3 Qd5 31. Qe3 Qd6 32. Ra8+ Kg7 33. f4 Rc7 34. Ra1 Qc6 35. Rc1 Qc4 36. Qe5+ f6 37. Qe3 Rb7 38. Re1 Kf7 39. Ra1 Rc7 40. Re1 Rb7 41. f5 gxf5 42. Qh6 Re7 43. Qxh7+ Ke8 44. Qh8+ Kd7 45. Ra1 Qc7 46. Ra8 e5 47. Qxf6 exd4 48. Qxd4+ Ke6 49. Ra6+ Kf7 50. Qf6+ Ke8 51. Ra8+ Kd7 52. Qxf5+ Kc6 53. Ra6+ 1-0

[Event "Ruhrgebiet Verbandsliga Gruppe 2 1516"]
[Site "Germany"]
[Date "2015.12.20"]
[Round "5.6"]
[White "Rehfeldt, Jens"]
[Black "Becker, Marco"]
[Result "1-0"]
[WhiteElo "1967"]
[BlackElo "2002"]
[PlyCount "103"]
[EventDate "2015.09.06"]
[EventType "team-tourn"]
[EventRounds "9"]
[EventCountry "GER"]
[SourceTitle "EXT 2022"]
[Source "ChessBase"]
[SourceDate "2021.10.06"]
[SourceVersion "1"]
[SourceVersionDate "2021.10.06"]
[SourceQuality "1"]
[WhiteTeam "Essen Werden"]
[BlackTeam "Horst Emscher"]
[WhiteTeamCountry "GER"]
[BlackTeamCountry "GER"]

1. b3 c6 2. Bb2 d5 3. e3 Bf5 4. f4 h6 5. Nf3 e6 6. Be2 Nd7 7. 0-0 Ngf6 8. Ne5 Nxe5 9. Bxe5 h5 10. Bf3 Bd6 11. Bb2 Qe7 12. c4 h4 13. Nc3 0-0-0 14. d4 Rdg8 15. b4 Bxb4 16. Qa4 Kb8 17. Rfc1 dxc4 18. e4 Bxc3 19. Bxc3 Bxe4 20. Bb4 Qd7 21. Bc5 b5 22. Qd1 Bxf3 23. Qxf3 Nd5 24. a4 b4 25. a5 Ka8 26. Rxc4 Rb8 27. Rb1 Rb5 28. h3 Rhb8 29. Qf2 b3 30. a6 Qc7 31. Qxh4 Qxf4 32. Qxf4 Nxf4 33. Bd6 g5 34. Bxb8 Kxb8 35. Rxc6 Ne2+ 36. Kf2 Nxd4 37. Rd6 e5 38. Rd7 f6 39. g3 Rc5 40. Rb7+ Kc8 41. Rxa7 Rc2+ 42. Ke3 Ra2 43. h4 gxh4 44. gxh4 f5 45. Rg1 Nc6 46. Rg8+ Nd8 47. Ra8+ Kc7 48. Rgxd8 b2 49. Rac8+ Kb6 50. Rb8+ Kc7 51. Rdc8+ Kd7 52. Rc5 1-0

[Event "Ruhrgebiet Verbandsliga Gruppe 2 1415"]
[Site "Germany"]
[Date "2014.10.19"]
[Round "2.6"]
[White "Haase, Thomas Konstantin"]
[Black "Rehfeldt, Jens"]
[Result "1-0"]
[WhiteElo "2022"]
[BlackElo "1972"]
[PlyCount "103"]
[EventDate "2014.09.21"]
[EventType "team-tourn"]
[EventRounds "9"]
[EventCountry "GER"]
[SourceTitle "EXT 2022"]
[Source "ChessBase"]
[SourceDate "2021.10.06"]
[SourceVersion "1"]
[SourceVersionDate "2021.10.06"]
[SourceQuality "1"]
[WhiteTeam "Bochum SG III"]
[BlackTeam "Essen Werden"]
[WhiteTeamCountry "GER"]
[BlackTeamCountry "GER"]

1. d4 e6 2. c4 f5 3. Nf3 Nf6 4. g3 Bb4+ 5. Nbd2 0-0 6. Bg2 d5 7. 0-0 c6 8. Ne5 Nbd7 9. Nd3 Bxd2 10. Bxd2 dxc4 11. Nf4 Nb6 12. Bb4 Re8 13. Rc1 Nfd5 14. Bc5 Nxf4 15. gxf4 Nd5 16. e3 a5 17. Kh1 b6 18. Ba3 Bb7 19. Rg1 Rc8 20. Bf3 c5 21. Rg3 Qf6 22. b3 c3 23. Qf1 cxd4 24. Bd6 Qf7 25. Be5 g6 26. Bxd4 Nb4 27. a3 Bxf3+ 28. Rxf3 Qb7 29. Kg2 Nd5 30. Kh3 Nf6 31. Rg3 Ne4 32. Rg2 b5 33. Qg1 Kf7 34. f3 Nd2 35. Qd1 b4 36. Rg3 Qd5 37. axb4 axb4 38. Ra1 Re7 39. Ra4 Qxb3 40. Qa1 Rcc7 41. Ra8 e5 42. Bxe5 Rxe5 43. fxe5 Qc4 44. Qa4 Qc6 45. Qa2+ Qe6 46. Rf8+ Ke7 47. Re8+ Kxe8 48. Qxe6+ Kd8 49. Qg8+ Kd7 50. Qxh7+ Kc8 51. Qg8+ Kb7 52. Qd5+ 1-0

[Event "NRW Verbandsliga Group1 1314"]
[Site "Nordrheinwestfalen"]
[Date "2014.01.26"]
[Round "6"]
[White "Rehfeldt, Jens"]
[Black "Nowok, Frank"]
[Result "0-1"]
[WhiteElo "1974"]
[BlackElo "1856"]
[PlyCount "54"]
[EventDate "2013.09.08"]
[EventType "team-tourn"]
[EventRounds "9"]
[EventCountry "GER"]
[SourceTitle "EXT 2020"]
[Source "ChessBase"]
[SourceDate "2019.10.17"]
[SourceVersion "1"]
[SourceVersionDate "2019.10.17"]
[SourceQuality "1"]
[WhiteTeam "Essen Werden"]
[BlackTeam "Gladbeck SG"]
[WhiteTeamCountry "GER"]
[BlackTeamCountry "GER"]

1. e4 c6 2. Nc3 d5 3. Qf3 d4 4. Bc4 e6 5. Nce2 Bc5 6. Qg3 g6 7. d3 Be7 8. Nf3 Nf6 9. h4 b5 10. Bb3 c5 11. Ne5 Bb7 12. f4 Qc7 13. Bd2 Nc6 14. c3 Nh5 15. Qh2 Bd6 16. Nxc6 dxc3 17. Bxc3 Nxf4 18. e5 Nxd3+ 19. Kd2 Bf8 20. Bc2 Bh6+ 21. Kd1 Qxc6 22. Bxd3 0-0-0 23. Kc2 Rxd3 24. Nf4 Rd7 25. Rae1 b4 26. Bd2 Qa4+ 27. Kc1 Qxa2 0-1

[Event "NRW Verbandsliga Group1 1314"]
[Site "Nordrheinwestfalen"]
[Date "2013.12.08"]
[Round "5.6"]
[White "Rehfeldt, Jens"]
[Black "Fork, Raphael"]
[Result "1-0"]
[WhiteElo "1974"]
[BlackElo "1865"]
[PlyCount "63"]
[EventDate "2013.09.08"]
[EventType "team-tourn"]
[EventRounds "9"]
[EventCountry "GER"]
[SourceTitle "EXT 2020"]
[Source "ChessBase"]
[SourceDate "2019.10.17"]
[SourceVersion "1"]
[SourceVersionDate "2019.10.17"]
[SourceQuality "1"]
[WhiteTeam "Essen Werden"]
[BlackTeam "Dortmund FS 98"]
[WhiteTeamCountry "GER"]
[BlackTeamCountry "GER"]

1. e4 c5 2. Nc3 g6 3. Bc4 Bg7 4. d3 Nc6 5. f4 e6 6. Nf3 Nge7 7. 0-0 0-0 8. Qe1 d5 9. Bb3 a6 10. Ne2 b5 11. c3 dxe4 12. dxe4 c4 13. Bc2 Qb6+ 14. Kh1 Bb7 15. Qh4 Rad8 16. f5 exf5 17. Bh6 Rd6 18. e5 g5 19. Bxg5 Ng6 20. Qh3 Ncxe5 21. Nxe5 Bxe5 22. Bxf5 Qc6 23. Rf2 Bf6 24. Bf4 Rdd8 25. Raf1 Rfe8 26. Bc1 Bg7 27. Bh6 Bf8 28. Nd4 Qf6 29. Bd2 Re7 30. Qh5 h6 31. Bc2 Qg7 32. Nf5 1-0

[Event "Ruhrgebiet VK2 0910"]
[Site "Ruhrgebiet"]
[Date "2010.03.21"]
[Round "8"]
[White "Rehfeldt, Jens"]
[Black "Grube, Frank"]
[Result "1-0"]
[WhiteElo "1994"]
[BlackElo "1933"]
[PlyCount "43"]
[EventDate "2009.09.06"]
[EventType "team"]
[EventRounds "9"]
[EventCountry "GER"]
[SourceTitle "EXT 2011"]
[Source "ChessBase"]
[SourceDate "2010.11.26"]
[SourceVersion "1"]
[SourceVersionDate "2010.11.26"]
[SourceQuality "1"]
[WhiteTeam "Essen Werden"]
[BlackTeam "Unna SV"]
[WhiteTeamCountry "GER"]
[BlackTeamCountry "GER"]

1. e4 c5 2. Nc3 Nc6 3. Bb5 g6 4. Bxc6 dxc6 5. d3 Bg7 6. f4 Nf6 7. Nf3 0-0 8. 0-0 Qb6 9. Kh1 Rd8 10. Qe1 Qc7 11. Qh4 b5 12. f5 Nd7 13. fxg6 hxg6 14. Ng5 Ne5 15. Bf4 f6 16. Bxe5 Qxe5 17. Qh7+ Kf8 18. Qxg6 Be6 19. Rf5 Qd6 20. e5 Qd7 21. Nce4 Kg8 22. exf6 1-0

[Event "Ruhrgebiet VK2 0910"]
[Site "Ruhrgebiet"]
[Date "2010.02.21"]
[Round "7.2"]
[White "Cavasin, Joerg"]
[Black "Rehfeldt, Jens"]
[Result "1/2-1/2"]
[WhiteElo "1941"]
[BlackElo "1994"]
[PlyCount "126"]
[EventDate "2009.09.06"]
[EventType "team"]
[EventRounds "9"]
[EventCountry "GER"]
[SourceTitle "EXT 2011"]
[Source "ChessBase"]
[SourceDate "2010.11.26"]
[SourceVersion "1"]
[SourceVersionDate "2010.11.26"]
[SourceQuality "1"]
[WhiteTeam "Altenessen"]
[BlackTeam "Essen Werden"]
[WhiteTeamCountry "GER"]
[BlackTeamCountry "GER"]

1. c4 e6 2. Nf3 f5 3. d4 Nf6 4. Bg5 Bb4+ 5. Nc3 Bxc3+ 6. bxc3 0-0 7. g3 d6 8. Bg2 Nbd7 9. Qc2 Qe8 10. 0-0 Ne4 11. Bc1 Qh5 12. Nd2 Nxd2 13. Qxd2 Nf6 14. f3 b6 15. c5 Ba6 16. cxd6 cxd6 17. Ba3 Rad8 18. Rac1 Bc4 19. Rfe1 Kh8 20. Rc2 Rfe8 21. e4 h6 22. Bxd6 fxe4 23. fxe4 Rxd6 24. e5 Ng4 25. h3 Rdd8 26. Qd1 Qg6 27. Be4 Qg5 28. Qxg4 Qxg4 29. hxg4 Rf8 30. a3 Rf7 31. g5 hxg5 32. Rh2+ Kg8 33. Bh7+ Kf8 34. Bg6 Rf3 35. Rf2 Rxf2 36. Kxf2 Bd5 37. Ke3 Rd7 38. Rf1+ Kg8 39. Rc1 Rc7 40. Bd3 Bc4 41. Bxc4 Rxc4 42. Kd3 b5 43. Rb1 a6 44. Rb4 Rc8 45. a4 Rf8 46. Ke4 Rc8 47. axb5 axb5 48. Rb3 Kf7 49. Kd3 Rb8 50. Kd2 Ke7 51. Rb4 Kd7 52. c4 Kc6 53. Ke3 Rb7 54. cxb5+ Rxb5 55. Rxb5 Kxb5 56. Kd3 Kb6 57. Kc3 Kc7 58. Kb4 Kb6 59. Kc4 Kc6 60. g4 g6 61. Kc3 Kc7 62. Kd3 Kb7 63. Kc4 Kc6 1/2-1/2

[Event "Ruhrgebiet VK2 0910"]
[Site "Ruhrgebiet"]
[Date "2010.01.31"]
[Round "6.2"]
[White "Rehfeldt, Jens"]
[Black "Tiefenhoff, Christian"]
[Result "0-1"]
[WhiteElo "1994"]
[BlackElo "2016"]
[PlyCount "130"]
[EventDate "2009.09.06"]
[EventType "team"]
[EventRounds "9"]
[EventCountry "GER"]
[SourceTitle "EXT 2011"]
[Source "ChessBase"]
[SourceDate "2010.11.26"]
[SourceVersion "1"]
[SourceVersionDate "2010.11.26"]
[SourceQuality "1"]
[WhiteTeam "Essen Werden"]
[BlackTeam "Germania Kupferdreh"]
[WhiteTeamCountry "GER"]
[BlackTeamCountry "GER"]

1. e4 d5 2. exd5 Qxd5 3. Nc3 Qa5 4. Bc4 Nf6 5. d3 c6 6. h3 Bf5 7. f4 h5 8. Bd2 Qc7 9. Nf3 e6 10. Qe2 Be7 11. Nd4 Bg6 12. 0-0-0 Qd6 13. Nf3 Nbd7 14. Ne5 Bh7 15. Rde1 Bg8 16. Qf2 a6 17. Bb3 0-0-0 18. Nc4 Qc7 19. f5 Nd5 20. Nxd5 cxd5 21. Ba5 Bc5 22. d4 Bb6 23. Nxb6+ Nxb6 24. Kb1 Qd6 25. Qd2 Kb8 26. Qg5 Rh7 27. Rhf1 Rc8 28. fxe6 fxe6 29. Bd2 Ka7 30. Rf3 Nd7 31. Bf4 Qb6 32. c3 Nf6 33. Bc2 Ne4 34. Bxe4 dxe4 35. Rxe4 Rh8 36. Re1 Bh7+ 37. Ka1 Bf5 38. d5 Ka8 39. dxe6 Bxe6 40. Qg6 Rc6 41. Rfe3 Bc8 42. Qxg7 Rd8 43. R3e2 Re6 44. Rxe6 Qxe6 45. Rc1 Bd7 46. b3 Rg8 47. Qd4 Rxg2 48. Be3 b6 49. Rd1 Bc8 50. Rf1 Qc6 51. Rf6 Qd7 52. Rd6 Qf5 53. Bf4 Re2 54. Rxb6 Re1+ 55. Kb2 Re2+ 56. Ka1 Re1+ 57. Kb2 Rb1+ 58. Ka3 Qa5+ 59. Qa4 Qxb6 60. Qe4+ Qb7 61. Qxb1 Qe7+ 62. Kb2 Bb7 63. Qc2 Qe6 64. Bd2 Qxh3 65. Qd3 Qxd3 0-1

[Event "Ruhrgebiet VK2 0910"]
[Site "Ruhrgebiet"]
[Date "2009.09.06"]
[Round "1.2"]
[White "Rehfeldt, Jens"]
[Black "Rottstaedt, Werner"]
[Result "0-1"]
[WhiteElo "1994"]
[BlackElo "2232"]
[PlyCount "116"]
[EventDate "2009.09.06"]
[EventType "team"]
[EventRounds "9"]
[EventCountry "GER"]
[SourceTitle "EXT 2011"]
[Source "ChessBase"]
[SourceDate "2010.11.26"]
[SourceVersion "1"]
[SourceVersionDate "2010.11.26"]
[SourceQuality "1"]
[WhiteTeam "Essen Werden"]
[BlackTeam "Muelheim"]
[WhiteTeamCountry "GER"]
[BlackTeamCountry "GER"]

1. e4 g6 2. Nc3 Bg7 3. Bc4 d6 4. d3 Nf6 5. f4 Bg4 6. Qd2 Bc8 7. Nf3 Nc6 8. 0-0 Na5 9. Bb3 Nxb3 10. axb3 c6 11. h3 Qb6+ 12. Kh1 Bd7 13. Qe1 Qc7 14. Be3 b6 15. Qf2 0-0-0 16. Ra3 Kb7 17. Rfa1 Ra8 18. Na4 c5 19. c4 Bc6 20. b4 cxb4 21. Rb3 Bxa4 22. Rxa4 a5 23. e5 Nd7 24. Nd4 Nc5 25. Qf3+ Ka6 26. Nb5 Qd7 27. Bxc5 bxc5 28. d4 d5 29. Qxd5 Qxd5 30. Nc7+ Kb7 31. Nxd5 e6 32. Nc3 cxd4 33. Nb5 Rhd8 34. Nd6+ Kc6 35. Rd3 f6 36. b3 fxe5 37. fxe5 Bxe5 38. Nf7 Bc7 39. Nxd8+ Rxd8 40. Ra1 e5 41. Re1 Rf8 42. Kg1 Kc5 43. Rd2 Rf5 44. Re4 a4 45. bxa4 b3 46. Rd1 Kxc4 47. Rc1+ Kd3 48. Ree1 Ba5 49. Rcd1+ Kc4 50. Rc1+ Kd5 51. Red1 Rf8 52. Rb1 Kc4 53. Rdc1+ Bc3 54. Rf1 Rxf1+ 55. Kxf1 e4 56. Ke2 b2 57. a5 Kb5 58. Kd1 d3 0-1

[Event "Werden op"]
[Site "Essen"]
[Date "2005.06.10"]
[Round "4"]
[White "Ickler, Uwe"]
[Black "Rehfeldt, Jens"]
[Result "0-1"]
[WhiteElo "1240"]
[BlackElo "1926"]
[PlyCount "120"]
[EventDate "2005.05.20"]
[EventType "swiss"]
[EventRounds "7"]
[EventCountry "GER"]
[SourceTitle "EXT 2007"]
[Source "ChessBase"]
[SourceDate "2006.11.23"]
[SourceVersion "1"]
[SourceVersionDate "2006.11.23"]
[SourceQuality "1"]

1. c4 e5 2. Nc3 Bb4 3. Qc2 Nc6 4. Nf3 a5 5. a3 Bc5 6. Ne4 Ba7 7. e3 f5 8. Nc3 e4 9. Nd4 Nxd4 10. exd4 Bxd4 11. Nb5 Bf6 12. d3 exd3 13. Bxd3 g6 14. 0-0 Ne7 15. Bf4 d6 16. c5 0-0 17. cxd6 cxd6 18. Qb3+ Kg7 19. Bxd6 Ra6 20. Bxe7 Bxe7 21. Rad1 a4 22. Qa2 Be6 23. Bc4 Qc8 24. Bxe6 Rxe6 25. Rc1 Bc5 26. Nd4 Re4 27. Rxc5 Qxc5 28. Ne6+ Rxe6 29. Qxe6 Qb5 30. Qe7+ Rf7 31. Qb4 Qxb4 32. axb4 Rc7 33. b5 Rc5 34. Ra1 Rxb5 35. Rxa4 Rxb2 36. g3 Kf6 37. Ra7 Ke5 38. f4+ Kd4 39. Ra4+ Kc3 40. Ra8 Re2 41. Rb8 Re7 42. h3 Kb4 43. Kg2 b5 44. Kf3 Kc4 45. Rc8+ Kb3 46. g4 b4 47. gxf5 gxf5 48. Rc5 Rf7 49. Ke3 Kb2 50. Kd2 b3 51. Ra5 Rd7+ 52. Ke3 Kc3 53. Rc5+ Kb4 54. Rc8 b2 55. Rb8+ Kc3 56. Rc8+ Kb3 57. Rb8+ Kc2 58. Rc8+ Kd1 59. Rb8 Rd2 60. Rc8 b1Q 0-1

[Event "Ruhrgebiet VK1 0405"]
[Site "Ruhrgebiet"]
[Date "2005.03.13"]
[Round "8.2"]
[White "Rehfeldt, Jens"]
[Black "Hoefker, Mathias"]
[Result "0-1"]
[WhiteElo "1987"]
[BlackElo "2151"]
[PlyCount "71"]
[EventDate "2004.09.12"]
[EventType "team"]
[EventRounds "9"]
[EventCountry "GER"]
[SourceTitle "EXT 2006"]
[Source "ChessBase"]
[SourceDate "2005.11.24"]
[SourceVersion "1"]
[SourceVersionDate "2005.11.24"]
[SourceQuality "1"]
[WhiteTeam "Essen Werden"]
[BlackTeam "Recklinghausen Sued"]
[WhiteTeamCountry "GER"]
[BlackTeamCountry "GER"]

1. Nc3 Nf6 2. d4 d5 3. Bg5 Bf5 4. e3 Nbd7 5. Nge2 e6 6. Ng3 Bg6 7. Bd3 Bxd3 8. Qxd3 Be7 9. 0-0 0-0 10. e4 dxe4 11. Ncxe4 Nxe4 12. Bxe7 Qxe7 13. Nxe4 Rfd8 14. f4 Nf6 15. Rae1 Nxe4 16. Rxe4 Qb4 17. b3 Qa5 18. f5 exf5 19. Ref4 g6 20. g4 c5 21. gxf5 Rxd4 22. Rxd4 cxd4 23. Qxd4 Rd8 24. Qe3 Qxa2 25. f6 Qxc2 26. Qh6 Qc5+ 27. Kh1 Qf8 28. Qe3 b6 29. Qe5 Qd6 30. Qe2 h5 31. h3 a5 32. Qf3 Qd3 33. Kg2 Rd5 34. h4 Rd4 35. Qa8+ Kh7 36. Rf3 0-1

[Event "Essen Werden op"]
[Site "Essen"]
[Date "2004.07.16"]
[Round "7"]
[White "Kaltenpoth, Werner"]
[Black "Rehfeldt, Jens"]
[Result "0-1"]
[WhiteElo "1582"]
[BlackElo "1958"]
[PlyCount "104"]
[EventDate "2004.06.04"]
[EventType "swiss"]
[EventRounds "7"]
[EventCountry "GER"]
[SourceTitle "EXT 2007"]
[Source "ChessBase"]
[SourceDate "2006.11.23"]
[SourceVersion "1"]
[SourceVersionDate "2006.11.23"]
[SourceQuality "1"]

1. c4 e5 2. Nc3 Bb4 3. e3 Bxc3 4. bxc3 d6 5. d4 Nc6 6. Nf3 e4 7. Ng1 f5 8. Ne2 Nf6 9. Nf4 0-0 10. Rb1 b6 11. Ba3 g5 12. Nd5 Nxd5 13. cxd5 Ne7 14. c4 Bb7 15. g3 Qe8 16. Be2 Rf6 17. Kd2 Ng6 18. Bb2 Qf8 19. h4 g4 20. Ba1 h5 21. Qc2 Qe7 22. Qc3 Re8 23. Rhe1 Rf7 24. Bd1 Qf6 25. Bb3 Ne7 26. Ba4 Rd8 27. Qa3 Ng6 28. Qc3 Rc8 29. Bb3 Kh7 30. Rf1 Rff8 31. Rbc1 Ne7 32. Qb2 c6 33. dxc6 Nxc6 34. Qa3 Ra8 35. Qa4 Qe7 36. Qa3 Rfc8 37. Qb2 Ba6 38. Ba4 Bb7 39. Qb5 Kg6 40. Qb2 Rc7 41. Bxc6 Rxc6 42. d5 Rc7 43. Rc2 Rac8 44. Rfc1 Ba6 45. Qb4 Qd7 46. a3 Rc5 47. Qb2 Qf7 48. Qb4 Bxc4 49. Rxc4 Qxd5+ 50. Rd4 Rxc1 51. Qxd6+ Qxd6 52. Rxd6+ Kf7 0-1

[Event "Essen Werden op"]
[Site "Essen"]
[Date "2004.07.09"]
[Round "6"]
[White "Rehfeldt, Jens"]
[Black "Nowak, Michael"]
[Result "1-0"]
[WhiteElo "1958"]
[BlackElo "1748"]
[PlyCount "48"]
[EventDate "2004.06.04"]
[EventType "swiss"]
[EventRounds "7"]
[EventCountry "GER"]
[SourceTitle "EXT 2007"]
[Source "ChessBase"]
[SourceDate "2006.11.23"]
[SourceVersion "1"]
[SourceVersionDate "2006.11.23"]
[SourceQuality "1"]

1. e4 e5 2. d4 exd4 3. Qxd4 Nc6 4. Qe3 Qf6 5. Nc3 Bb4 6. Bd2 Qd4 7. Qg3 d6 8. Nge2 Qf6 9. Nf4 g6 10. Nfd5 Qd8 11. Bb5 Ba5 12. b4 Bb6 13. Na4 Bd4 14. Bc3 Bxc3+ 15. Qxc3 f6 16. Bxc6+ bxc6 17. Qxc6+ Bd7 18. Nxc7+ Ke7 19. Nd5+ Kf7 20. Qa6 Ne7 21. Nac3 Nxd5 22. Nxd5 Qe8 23. 0-0 Qe5 24. Rad1 Rhd8 1-0